• 首页
  • 本馆介绍
  • 公告通知
  • 最新文献
  • 馆藏检索
  • 电子资源
  • 读者导购
  • 参考咨询
  • 我的图书馆
  • 登录
  • 详细信息显示
  • 放入我的书架
  • 预约/预借图书
  • 作者相关作品
  • 分类相关作品
  • 丛书相关作品
  • 出版社相关作品

书目信息

  • 表格格式
  • 工作单格式
  • 卡片格式
题名:
河流生态修复
    
 
作者: 董哲仁 著
分册:  
出版信息: 北京   中国水利水电出版社  2020.5
页数: 396页
开本: 26cm
丛书名:
单 册:
中图分类: X522.06
科图分类:
主题词: 河流--生态恢复--研究 , 河流 , 生态恢复
电子资源:
ISBN: 978-7-5170-1412-6
000 01521nam0 2200301 45
001 012001000046
005 20140910134728.0
010    @a978-7-5170-1412-6@dCNY98.00
100    @a20140129d2013 em y0chiy50 ea
101 0  @achi@deng@eeng
102    @aCN@b110000
105    @aa z 001yy
106    @ar
200 1  @a河流生态修复@Ahe liu sheng tai xiu fu@b专著@f董哲仁等著
210    @a北京@c中国水利水电出版社@d2020.5
215    @a396页@c图@d26cm
300    @a水利科技专著译著出版项目
300    @a并列题名:River restoration
312    @a封面英文题名:River restoration
330    @a本书共5章,阐述了河流生态系统的过程与功能,分析了各类经济建设活动对河流生态系统的影响;阐述了河流调查与分析,涉及地貌过程、景观格局、水文过程、物理化学过程和环境压力——生物响应分析;重点阐述了河流生态修复规划,包括规划的时空尺度,河流生态状况分级系统,修复目标与任务,修复规划原则、规划内容和编制流程以及修复措施工具箱;详细介绍了各类河流生态修复技术,包括河道内栖息地修复与加强,岸坡防护技术、洄游鱼类保护、水库分层取水设施、环境水流评价方法、兼顾生态保护的水库调度方法、污染源治理以及河湖水系连通性恢复等,同时链接了若干国内外工程案例;介绍了河流生态监测与评估,提出了全指标河流健康评估体系和基于负反馈分析的河流生态修复适应性管理决策支持系统技术。
510 1  @aRiver restoration@zeng
606 0  @a河流@x生态恢复@x研究
606 0  @a河流
606 0  @a生态恢复
690    @aX522.06@v5
701  0 @c(满)@a董哲仁@Adong zhe ren@f(1943 )@4著
801  0 @aCN@bBJSDL@c20211011
905    @b1330169-72@dX522.06@e240@f4
    
    河流生态修复/董哲仁等著.-北京:中国水利水电出版社,2020.5
    396页:图;26cm
    水利科技专著译著出版项目.-并列题名:River restoration
    
    ISBN 978-7-5170-1412-6:CNY98.00
    本书共5章,阐述了河流生态系统的过程与功能,分析了各类经济建设活动对河流生态系统的影响;阐述了河流调查与分析,涉及地貌过程、景观格局、水文过程、物理化学过程和环境压力——生物响应分析;重点阐述了河流生态修复规划,包括规划的时空尺度,河流生态状况分级系统,修复目标与任务,修复规划原则、规划内容和编制流程以及修复措施工具箱;详细介绍了各类河流生态修复技术,包括河道内栖息地修复与加强,岸坡防护技术、洄游鱼类保护、水库分层取水设施、环境水流评价方法、兼顾生态保护的水库调度方法、污染源治理以及河湖水系连通性恢复等,同时链接了若干国内外工程案例;介绍了河流生态监测与评估,提出了全指标河流健康评估体系和基于负反馈分析的河流生态修复适应性管理决策支持系统技术。
●
相关链接 在E读中查询图书 在五车中查询图书 在当当中查询图书 在豆瓣中查询图书


正题名:河流生态修复     索取号:X522.06/240         预约/预借

序号 登录号 条形码 馆藏地/架位号 状态 备注
1 1330169   213301693   第二样本阅览室/ [索取号:X522.06/240] 在馆    
2 1330170   213301700   第三借阅区/ [索取号:X522.06/240] 在馆    
3 1330171   213301719   第三借阅区/ [索取号:X522.06/240] 在馆    
4 1330172   213301728   第三借阅区/ [索取号:X522.06/240] 在馆    
唐山师范学院图书馆 欢迎您!
大连网信软件有限公司© 版权所有